El Desistimiento en la Tentativa y el Delito Imposible

Detalles Bibliográficos
Autor principal: Piva Torres, Gianni Egidio
Formato: eBook
Lenguaje:español
Publicado: Barcelona: J.M. Bosch Editor, 2019
Materias:
Acceso en línea:Acceso restringido

MARC

LEADER 00000nam a22000007a 4500
005 20190911223841.0
007 cr|||| ||||
008 190911s2019 es |||||s|||| 00||0 spa d
020 |a 978-84-120019-8-3 
035 |a 24832 
040 |a vLex 
090 |c 9481  |d 9481 
100 1 |a Piva Torres, Gianni Egidio 
245 1 2 |a El Desistimiento en la Tentativa y el Delito Imposible  |h [Recurso electrn̤ico] /  |c Gianni Egidio Piva Torres 
256 |a Servicio en ln̕ea 
260 |a Barcelona:  |b J.M. Bosch Editor,  |c 2019 
300 |a 1 recurso electrn̤ico 
500 |a En la presente monografa̕, se destacan los cimientos al Estado Social democrt̀ico. El Estado Espaǫl lejos de aplicar venganza, busca redimir a sus ciudadanos, a tal punto que se caracteriza por la justicia y libertad mediante la no punicin̤ del desistimiento, no obstante en lo referente al principio de legalidad, se hace notar que el desistimiento punitivo seria violentar la norma que lo presenta como no punitivo y por ende violentara̕ este principio, que vendra̕ siendo contrario a la justicia, ya que constituira̕ plagar las cr̀celes de delincuentes que pueden redimir su pena con trabajos sociales, lo cual denota una visin̤ garantista de reconocimiento pleno de derechos expresada por el autor. De igual forma en el capt̕ulo siete, denominado: “Delito Imposible”; se da una reseą histr̤ica del delito imposible, para consecuentemente abordar su naturaleza, marcando las diferencias con otras figuras delictivas, as ̕como una explicacin̤ de la regulacin̤ jurd̕ica; y lo trascendental del entendimiento de la tentativa Inidn̤ea en el Iter Criminis; desde una cuestin̤ terminolg̤ica y jurisprudencial. Cabe destacar de igual manera en el capt̕ulo final denominado: “Teora̕s aplicables al delito imposible”; se cierra la obra magistralmente con el anl̀isis de teora̕s objetivas; De la realizacin̤ parcial del delito; De la falta de tipo; Objetivo-materiales (teora̕s del peligro); objetivas y esquemas del delito; Subjetivas; y esquemas del delito; Mixtas; de la idoneidad objetiva del plan del autor; del error nomolg̤ico y ontolg̤ico; De la impresin̤; y, de la unificacin̤. 
506 1 |a Disponible solo en los productos indicados  |d vLex Global  |d vLex Global (Academic Edition, excluding Law Schools)  |d vLex Global (U.S. Academic Edition, Law Schools)  |d vLex Global (U.S. Academic Edition, excluding Law Schools)  |d vLex Global (Academic Edition, Law Schools) 
650 0 4 |a Derecho Penal  |z Espaą 
650 0 4 |a Procedimiento Penal  |z Espaą 
740 0 |a vLex Libros (Servicio en ln̕ea) 
856 4 0 |u http://vlex.com/source/desistimiento-en-la-tentativa-y-el-delito-imposible-24832  |z Acceso restringido 
942 |c BOOK 
999 0 |a Criminal Law 
999 0 |a Criminal Procedure